00354nam a2200121Ia 4500008004100000040001700041041001200058082001600070100002400086245007500110260003200185300001500217230917s9999||||xx |||||||||||||| ||und|| e182662aMAIN aEnglish a822.33 S15H aMarson, Janyce, ed. 0aHarold Bloom's Shakespeare through the ages: A Midsummer Night's Dream aNew DelhibViva Booksc2010 axi, 260 p.